000 00316nam a22001457a 4500
999 _c9038
_d9038
003 OSt
008 200715b ||||| |||| 00| 0 eng d
100 _aRasool , Zahida
245 _aMedicinal
250 _a2017
260 _aNew Delhi
_bNew age
300 _aQ52
650 _aMedicinal Chemistry
942 _2ddc
_cBK